00886nam a2200217 a 450000100100000000500170001000800410002702000150006804000250008308200140010810000380012224501450016026000280030530000220033349000350035550000680039070000420045883000420050095201090054299900170065100004058920201002034233.0130902s1997 sp 000 0 spa d a847635259X aDO-SdBNPbspacBNPHU aXXXXcxxx1 aCortés Rodríguez, Luis96691910aComentario lingüístico de textos orales. :bII. el debate y la entrevista /cLuis Cortés Rodríguez; Antonio-M Bañón Hernández. aMadrid, :bArco,c1997. a77 pag. ;c22 cm.1 acuadernos de lengua española aincluye datos biográficos de los autores en la contracubierta1 aBañon Hernández, Antonio-M966920 0aCuadernos de lengua española966921 001050718MOaGRbGRcCTd2013-09-02iLF1l0oXXXX p40589-10r2020-06-25w2020-06-25y1ZNo se presta c40079d40079